[Event "ROM-ch U14 Girls"]
[Site "Baile Felix"]
[Date "2017.02.07"]
[Round "7"]
[White "Marin, Alexia Iuliana"]
[Black "Banciu, Alexandra Ioana"]
[Result "0-1"]
[WhiteElo "1369"]
[BlackElo "1402"]
[PlyCount "80"]
[EventDate "2017.02.02"]
[EventType "swiss"]
[EventRounds "9"]
[EventCountry "ROU"]
[SourceTitle "CBM 176 Extra"]
[Source "ChessBase"]
[SourceDate "2017.03.02"]
[SourceVersion "1"]
[SourceVersionDate "2017.03.02"]
[SourceQuality "1"]

1. e4 c5 2. Nc3 Nc6 3. Bc4 d6 4. f4 Nf6 5. Nf3 g6 6. d3 Bg7 7. 0-0 0-0 8. Be3 e6 9. Bb3 Na5 10. h3 Nxb3 11. axb3 Qc7 12. g4 d5 13. e5 Nd7 14. d4 c4 15. bxc4 Qxc4 16. h4 Nb6 17. h5 Bd7 18. g5 Rfc8 19. h6 Bf8 20. Ne1 Qc7 21. Ne2 Nc4 22. Qc1 Bb5 23. c3 Nxe5 24. fxe5 Bxe2 25. Rf2 Bg4 26. Nf3 Bf5 27. Nh4 b5 28. Bf4 b4 29. Nxf5 gxf5 30. Bd2 bxc3 31. bxc3 a5 32. Rg2 a4 33. Be1 Ra6 34. Qd1 Rca8 35. Qh5 Kh8 36. g6 fxg6 37. Rxg6 hxg6 38. Qxg6 Qh7 39. Qh5 Qxh6 40. Qxh6+ Bxh6 0-1

[Event "ROM-ch U14 Girls"]
[Site "Calimanesti Caciulata"]
[Date "2016.04.20"]
[Round "3"]
[White "Aciu, Malina Andreea"]
[Black "Banciu, Alexandra Ioana"]
[Result "1-0"]
[WhiteElo "1883"]
[BlackElo "1404"]
[PlyCount "147"]
[EventDate "2016.04.18"]
[EventType "swiss"]
[EventRounds "9"]
[EventCountry "ROU"]
[SourceTitle "CBM 172 Extra"]
[Source "ChessBase"]
[SourceDate "2016.06.21"]
[SourceVersion "1"]
[SourceVersionDate "2016.06.21"]
[SourceQuality "1"]

1. e4 c5 2. Nf3 Nc6 3. d4 cxd4 4. Nxd4 g6 5. Nc3 Bg7 6. Be3 Nf6 7. Bc4 Qa5 8. 0-0 0-0 9. Bb3 d6 10. h3 Bd7 11. f4 Nxd4 12. Bxd4 Bc6 13. Qd3 Nd7 14. Bxg7 Kxg7 15. Kh1 Nf6 16. Rae1 Rad8 17. Kh2 Qc7 18. Qc4 Kg8 19. Nd5 Qd7 20. Nxf6+ exf6 21. Qc3 Qe7 22. Bd5 Rc8 23. Qd4 a6 24. c3 Qd8 25. f5 Kg7 26. h4 Qe7 27. Qd2 Qe5+ 28. Kh3 h5 29. Qd1 g5 30. g3 g4+ 31. Kg2 Rfe8 32. Qd2 Rc7 33. Bxc6 Rxc6 34. Qd5 Rb6 35. Qd2 Rc8 36. Re2 Re8 37. Rfe1 Rb5 38. Qd1 Rc5 39. Qd4 Qxd4 40. cxd4 Rc6 41. Kf2 Rc4 42. Ke3 Ra4 43. b3 Rb4 44. Kf4 a5 45. Rc2 Rb6 46. Rc7 Kf8 47. Rec1 Rb4 48. Ke3 Rb6 49. R1c3 Z0 50. Rc8 Rc6 51. Rxe8+ Kxe8 52. Rxc6 bxc6 53. Kd3 Kd7 54. Kc4 Kc7 55. d5 Kb6 56. dxc6 Kxc6 57. a3 Kb6 58. Kd5 Kc7 59. b4 a4 60. b5 Kb6 61. Kxd6 Kxb5 62. Ke7 Kc4 63. Kxf6 Kb3 64. e5 Kxa3 65. e6 fxe6 66. fxe6 Kb2 67. e7 a3 68. e8Q a2 69. Qe5+ Kb1 70. Kg5 a1Q 71. Qxa1+ Kxa1 72. Kxh5 Kb2 73. Kxg4 Kc3 74. h5 1-0

[Event "ROM-ch U12 Girls"]
[Site "Calimanesti"]
[Date "2015.04.02"]
[Round "4"]
[White "Banciu, Alexandra Ioana"]
[Black "Lehaci, Miruna Daria"]
[Result "0-1"]
[WhiteElo "1320"]
[BlackElo "1597"]
[PlyCount "140"]
[EventDate "2015.03.30"]
[EventType "swiss"]
[EventRounds "9"]
[EventCountry "ROU"]
[SourceTitle "CBM 165 Extra"]
[Source "ChessBase"]
[SourceDate "2015.04.21"]
[SourceVersion "1"]
[SourceVersionDate "2015.04.21"]
[SourceQuality "1"]

1. e4 e6 2. Qe2 c5 3. Nf3 d6 4. g3 Nc6 5. Bg2 g6 6. 0-0 Bg7 7. c3 Nge7 8. Na3 0-0 9. Nc2 d5 10. d3 b6 11. Rd1 Ba6 12. Nh4 f5 13. exf5 exf5 14. Bg5 Qd7 15. Re1 Rae8 16. Qe6+ Qxe6 17. Rxe6 Bxd3 18. Rae1 Be4 19. Na3 Kf7 20. Bxe7 Nxe7 21. Rd6 Be5 22. Rd7 Bf6 23. Rxa7 Rd8 24. Nb5 d4 25. Bxe4 fxe4 26. Rxe4 d3 27. Re1 d2 28. Rd1 Kg8 29. Nf3 Nc6 30. Ra4 Ne5 31. Nxe5 Bxe5 32. Re4 Bg7 33. f4 Rd7 34. Na3 Ra8 35. Kf2 Bxc3 36. Nc4 Bd4+ 37. Ke2 Rxa2 38. Rxd2 b5 39. Ne5 Rd6 40. Nd3 Kf7 41. Kd1 Re6 42. Rxe6 Kxe6 43. b3 Rxd2+ 44. Kxd2 Kd5 45. Ke2 Bg1 46. h3 Kd4 47. Kd2 Bh2 48. g4 c4 49. bxc4 bxc4 50. Ne1 Bxf4+ 51. Ke2 Kc3 52. Kd1 Kb2 53. Ke2 Bg5 54. Nd3+ cxd3+ 55. Kxd3 Bh4 56. Ke4 Kc3 57. Kf4 Kd4 58. g5 Be1 59. Kf3 Ke5 60. Kg4 Ke4 61. h4 Bxh4 62. Kxh4 Kf4 63. Kh3 Kxg5 64. Kg3 h5 65. Kh3 Kf4 66. Kg2 Kg4 67. Kh2 Kf3 68. Kh1 Kf2 69. Kh2 g5 70. Kh3 g4+ 0-1

[Event "ROM-ch U12 Girls"]
[Site "Calimanesti"]
[Date "2015.03.31"]
[Round "2"]
[White "Banciu, Alexandra Ioana"]
[Black "Anghel, Maria"]
[Result "1-0"]
[WhiteElo "1320"]
[BlackElo "1488"]
[PlyCount "97"]
[EventDate "2015.03.30"]
[EventType "swiss"]
[EventRounds "9"]
[EventCountry "ROU"]
[SourceTitle "CBM 165 Extra"]
[Source "ChessBase"]
[SourceDate "2015.04.21"]
[SourceVersion "1"]
[SourceVersionDate "2015.04.21"]
[SourceQuality "1"]

1. e4 d5 2. exd5 Qxd5 3. Nc3 Qd6 4. d4 c6 5. Nge2 Nf6 6. Bf4 Qb4 7. a3 Qb6 8. h3 Bf5 9. Ng3 Bg6 10. Rb1 e6 11. Be2 Be7 12. 0-0 0-0 13. Qd2 Nbd7 14. Rfe1 Rac8 15. Be3 Nd5 16. Nxd5 cxd5 17. Bd3 Qc7 18. Rbc1 Nb6 19. Bf4 Bd6 20. Bxd6 Qxd6 21. Bxg6 hxg6 22. Qd3 Nc4 23. Qb3 Rc7 24. Nf1 Rfc8 25. Red1 a6 26. Nd2 b5 27. Nxc4 Rxc4 28. c3 Qb6 29. Rd3 a5 30. Ra1 Qb8 31. g3 b4 32. axb4 axb4 33. Ra4 Qd6 34. Rxb4 e5 35. dxe5 Qxe5 36. Re3 Qf5 37. Rxc4 dxc4 38. Qb7 Qxh3 39. b4 Rd8 40. Re1 Rd3 41. Qb8+ Kh7 42. b5 Rxc3 43. b6 Rb3 44. Qc7 Qf5 45. b7 Qb5 46. Re4 g5 47. Qxf7 Rb1+ 48. Kh2 g4 49. b8Q 1-0